000 00653nam a2200265Ia 4500
005 20260324152921.0
008 008 260324s9999 xx 000 0 eng d
020 _a9780128028179
037 _aEBOOK
040 _aCRL
040 _beng
040 _cCRL
041 _2eng
041 _aeng
084 _qCRL
100 _aLiengme, Bernard
_9902277
245 2 _aA Guide to Microsoft Excel 2013 for Scientists and Engineers
260 _bElsevier
260 _c2015
650 _aEngineering
856 _uhttps://www.sciencedirect.com/science/book/9780128028179
942 _cEBOOK
999 _c1841113
_d1841113